000 00444nam a2200181Ia 4500
001 17550
005 20260306171525.0
008 260306s9999||||xx |||||||||||||| ||und||
041 _aESP
082 _a658.022
_bL85 2012
100 _aLongenecker, Justin G.
_eAUT
245 0 _aAdministración de pequeñas empresas
260 _c2012
300 _a782 páginas :
_c27 cm.
650 _aGEN
654 _aCAN
942 _cLIB
_dJUS
_fJUS
_2ddc
_n
999 _c17550
_d17550